Načítá se...

International maritime law convention.Volume 3 Training, employment and welfare environment

Podrobná bibliografie
Hlavní autor: Nagendra Singh
Médium: Printed Book
Jazyk:English
Vydáno: London Stevens & Sons 1983
Vydání:3rd ed.
Edice:British shipping law
Témata:
LEADER 00623nam a22001817a 4500
003 OSt
008 090407t xxu||||| |||| 00| 0 eng d
080 |a 347.79  |b NAG'83 
100 |a Nagendra Singh  |9 3632 
245 |a International maritime law convention.Volume 3  |b Training, employment and welfare environment 
250 |a 3rd ed. 
260 |a London  |b Stevens & Sons  |c 1983 
300 |a 1876-2624p. 
440 |a British shipping law  |9 3633 
653 |a Maritime law 
942 |c REF  |6 _ 
999 |c 186260  |d 186260 
952 |0 0  |1 0  |4 0  |6 34779_NAG833  |7 0  |9 240107  |a SLS  |b SLS  |d 2009-04-23  |o 347.79 NAG'83.3  |p SLS012932  |r 2009-04-23  |w 2009-04-23  |y REF